00951nam a2200301 a 450000100060000000300100000600500170001600700030003300800410003602000150007704000300009204300120012208200240013410000370015824500940019525000180028930000310030733600270033833700330036533800280039865000450042665000410047165000440051270000490055694200120060594900150061799900170063257452CO-BoRNBP20250702152239.0ta100218s2006 ve a gr 0001p spa d a9806450388 aCO-BoBLA bspa cCO-BoBLA an-mx---04aI861.6 bB37c5 2211 aBergna, Mónica, d1962-96069413aLa cucaracha / cversión libre: Mónica Bergna ; ilustraciones Fabricio Vanden Broeck. a1a. edición a[12] p. : bil. ; c23 cm. 2rdacontentatextobtxt 2rdamediaasin mediaciónbn 2rdacarrieravolumenbnc 7aCanciones folclóricas.2BLAAUTO960695 7aPoesía infantil mexicana.2BLAAUTO 7aCucarachasv Poesías.2BLAAUTO9606961 aVanden Broeck, Fabricio, d1954-eil.960697 2ddccBK an bn c57452d57452